Panorama de licitações sustentáveis : (Record no. 856)

MARC details
000 -LÍDER
Campo Fixo de Controle 01008nam a2200289 a 4500
001 - NÚMERO DE CONTROLE
Campo de Controle 856
003 - IDENTIFICAÇÃO DO NÚMERO DE CONTROLE
Campo de Controle BR-CuiBMT
005 - DATA E HORA DA ÚLTIMA ATUALIZAÇÃO
Campo de Controle 20231128002755.0
008 - DADOS FIXOS
Dados Fixos 231121s2016 mgba 000 0 por d
020 ## - INTERNATIONAL STANDARD BOOK NUMBER
Nº do ISBN 9788577009244
040 ## - AGÊNCIA CATALOGADORA
Código da Agência Catalogadora BR-CuiBMT
Agência que transcreveu o registro BR-CuiBMT
080 ## - Nº DA CLASSIFICAÇÃO DECIMAL UNIVERSAL
Nº edição CDU 2007
Nº Class. CDU 351.712:349.6
090 ## - NÚMERO DE CHAMADA
Nº classificação 351.712:349.6
Cutter P195
245 00 - TÍTULO PRINCIPAL
Título principal Panorama de licitações sustentáveis :
Subtítulo direito e gestão pública /
Indicação de responsabilidade Teresa Villac, Marcos Weiss Bliacheris, Lilian Castro de Souza, coordenadores ; Juarez Freitas, prefácio.
260 ## - PUBLICAÇÃO, DISTRIBUIÇÃO, ETC.
Local de publicação Belo Horizonte :
Editora Fórum,
Data 2016.
300 ## - DESCRIÇÃO FÍSICA
N. páginas ou volumes 394 p. :
Ilustrações il. ;
Dimensões 22 cm
504 ## - NOTA DE BIBLIOGRAFIA, ETC.
Nota de bibliografia Inclui bibliografia.
590 ## - NOTA LOCAL
Nota local A Biblioteca possui a 1. reimpr. 2016.
650 ## - ASSUNTO TÓPICO
Cabeçalho tópico ou nome geográfico Direito ambiental
650 ## - ASSUNTO TÓPICO
Cabeçalho tópico ou nome geográfico Desenvolvimento sustentável
650 ## - ASSUNTO TÓPICO
Cabeçalho tópico ou nome geográfico Licitação
650 ## - ASSUNTO TÓPICO
Cabeçalho tópico ou nome geográfico Compras governamentais
700 1# - ENTRADA SECUNDÁRIA -- NOME PESSOAL
Nome pessoal Barki, Teresa Villac Pinheiro
Cód. do termo explicativo coord.
700 1# - ENTRADA SECUNDÁRIA -- NOME PESSOAL
Nome pessoal Bliacheris, Marcos Weiss
Cód. do termo explicativo coord.
700 1# - ENTRADA SECUNDÁRIA -- NOME PESSOAL
Nome pessoal Souza, Lilian Castro de
Cód. do termo explicativo coord.
942 ## - ELEMENTOS DE ENTRADA ADICIONAIS (KOHA)
Fonte de classificação ou esquema de arquivamento Classificação Decimal Universal
Tipo de item do Koha Livros
Holdings
Estado: removido Estado: perdido Fonte de classificação ou esquema de arquivamento Estado: danificado Indisponível para empréstimo Localização permanente Localização atual Data de aquisição Total Checkouts Número de Chamada completo Código de barras Date last seen Número do exemplar Preço efetivo a partir de Tipo de item (Koha) Nota pública
    Classificação Decimal Universal     Biblioteca da Escola Superior de Contas do TCE/MT Biblioteca da Escola Superior de Contas do TCE/MT 12/08/2019   351.712:349.6 P195 BIBTCEMT23110798 21/11/2023 Ex. 1 21/11/2023 Livros 1. reimpr. 2016
    Classificação Decimal Universal     Biblioteca da Escola Superior de Contas do TCE/MT Biblioteca da Escola Superior de Contas do TCE/MT 12/08/2019   351.712:349.6 P195 BIBTCEMT23110875 22/11/2023 Ex. 2 22/11/2023 Livros 1. reimpr. 2016

Powered by Koha